000 00902nas a2200277 4500
001 BR2012007642
003 BR-BrBNA
005 20231205121258.0
007 ta
008 230509b bl.|||p| |||| 00| 00por d
040 _aBR-BrBNA
_bpor
_cBiblioteca Nacional de Agricultura
041 _a(Pt)
072 _aF62
100 1 _aVolpe, C.A.
100 1 _aSchöffel, E.R.
245 1 _aRelação entre a maturação de frutos de laranjeira 'Pêra' e graus-dia, em pomar protegido por quebra-vento de pinus, em condições tropicais
650 _aLARANJA PÊRA
650 _aÁCIDO CITRICO
650 _aMATURAÇÃO
650 _aQUEBRA-VENTO
650 _aCRESCIMENTO
650 _aCOLHEITA
773 0 _tRevista Brasileira de Agrometeorologia (Brazil)
_xISSN 0104-1347
_g(Jan-Apr 2007), v. 15(1) p. 84-94
_wBR2012007642
909 _a202311
_bLúcia
_c55
_dLúcia Elande
942 _2AGRIS
_n0
_cANA
999 _c222710
_d222710